The voice in the margin : Native American literature and the canon /

Bibliographic Details
Main Author: Krupat, Arnold
Corporate Author: NetLibrary, Inc
Format: eBook
Language:English
Published: Berkeley, Calif. : University of California Press, [1989]
Subjects:
Online Access:Connect to the full text of this electronic book

MARC

Tag First Indicator Second Indicator Subfields
LEADER 00000cam a2200000 4500
001 in00001574441
005 20220103181525.0
006 m u
007 cr cn|||||||||
008 001009s1989 cau sb s001 0 eng
010 |z 89004966 
020 |a 0585180660 (electronic bk.) :  |c $40.00 
020 |z 0520066693 (alk. paper) 
020 |z 0520068270 (pbk.) 
035 |a 32717  |b (N$T) 
035 |a nL32717 
040 |a N$T  |c N$T  |d UtOrBLW 
043 |a n-us--- 
050 1 0 |a PS153.I52  |b K78 1989eb 
082 0 4 |a 810.9/897  |2 20 
100 1 |a Krupat, Arnold.  |0 http://id.loc.gov/authorities/names/n79064033 
245 1 4 |a The voice in the margin :  |b Native American literature and the canon /  |c Arnold Krupat. 
264 1 |a Berkeley, Calif. :  |b University of California Press,  |c [1989] 
264 4 |c ©1989 
300 |a 259 pages ;  |c 22 cm. 
336 |a text  |b txt  |2 rdacontent 
337 |a computer  |b c  |2 rdamedia 
338 |a online resource  |b cr  |2 rdacarrier 
504 |a Bibliography: pages [241]-252. 
500 |a Includes index. 
533 |a Electronic reproduction.  |b Boulder, Colo. :  |c NetLibrary,  |d 2000.  |n Available via World Wide Web.  |n Access may be limited to NetLibrary affiliated libraries. 
500 |a Electronic resource. 
650 0 |a American literature  |x Indian authors  |x History and criticism  |x Theory, etc. 
650 0 |a Indian literature  |z United States  |x History and criticism  |x Theory, etc. 
650 0 |a Indians in literature.  |0 http://id.loc.gov/authorities/subjects/sh85065082 
650 0 |a Canon (Literature)  |0 http://id.loc.gov/authorities/subjects/sh85019643 
655 0 |a Electronic books. 
710 2 |a NetLibrary, Inc.  |0 http://id.loc.gov/authorities/names/no99080690 
776 0 |c Original  |w (DLC) 89004966 
856 4 1 |u https://proxy.library.tamu.edu/login?url=http://www.netLibrary.com/urlapi.asp?action=summary&v=1&bookid=32717  |z Connect to the full text of this electronic book  |t 0 
999 |a MARS 
999 f f |s 96cecf1c-fa97-303f-9530-05025e65c4bc  |i f50f2025-ee53-3a5f-98a4-85885f038116  |t 0 
952 f f |a Texas A&M University  |b College Station  |c Electronic Resources  |d Available Online  |t 0  |e PS153.I52 K78 1989eb  |h Library of Congress classification 
998 f f |a PS153.I52 K78 1989eb  |t 0  |l Available Online